[Event "XVII Juros Svente 2020-A"]
[Site "Klaipeda"]
[Date "2020.07.20"]
[Round "1.9"]
[White "Boyajyan, David"]
[Black "Viliusis, Neimantas"]
[Result "1-0"]
[WhiteElo "1949"]
[BlackElo "1461"]
[Annotator "TA"]
[PlyCount "61"]
[EventDate "2020.07.20"]
[EventType "tourn"]
[EventCountry "LTU"]
[SourceTitle "playchess.com"]
[Source "ChessBase"]
[SourceQuality "1"]

{[%evp 15,61,0,11,-6,25,22,60,54,87,71,131,140,147,93,113,79,211,198,206,195,208,206,213,202,212,206,223,236,284,187,570,144,150,154,145,137,295,290,247,120,307,137,164,153,471,443,461,452]} 1. Nf3 Nf6 2. g3 g6 3. Bg2 Bg7 4. O-O O-O 5. d4 d6 6. c4 Nbd7 7. Nc3 e5 8. d5 Nc5 9. b4 {E67: King's Indian: Fianchetto: 6...Nbd7.} Ncd7 {[#]} 10. Bb2 $146 ({Predecessor:} 10. Bd2 Nb6 11. Qb3 c6 12. a4 cxd5 13. cxd5 Bf5 14. a5 Nc8 15. Rfc1 Ne7 16. Nh4 Bd7 {1-0 (40) Medvegy,Z (2546)-Plakalovic,P (2206) Banja Vrucica 2009}) 10... Nh5 11. e4 {White is slightly better.} Qe8 12. Rc1 f5 (12... Nb6 $142) 13. exf5 $1 $16 gxf5 14. Nb5 ({White should try} 14. Ng5) 14... Qd8 15. Nh4 $36 {[%mdl 2048] Black is under strong pressure.} a6 (15... Ndf6 $16) 16. Nxc7 $18 ({Worse is} 16. Qxh5 axb5 17. a3 (17. Nxf5 Nf6 $14) 17... bxc4 $14) 16... Qxc7 17. Qxh5 Nf6 18. Qe2 Bd7 19. Qc2 Bh6 20. Rcd1 ({Resist} 20. Nxf5 $6 Bxc1 21. Rxc1 Qb6) 20... Ne8 21. c5 Rc8 22. a4 dxc5 $2 {[#]} (22... Rf7 23. Bh3 Ng7) 23. bxc5 $2 (23. d6 $1 $18 {[%mdl 512]} Qb6 (23... Nxd6 24. Bxe5) 24. Bxe5) 23... Qxc5 $16 24. Qxc5 Rxc5 25. Ba3 Rc4 $2 (25... Ra5 $16 {is a better defense.}) 26. Bxf8 $18 Bxf8 27. Ra1 (27. d6 $1 $18 {is more deadly. Hoping for Bd5+.} Rxa4 28. Nxf5 $1 {[%mdl 512]} (28. Bxb7 Nxd6 29. Rfe1 e4 $16)) 27... Be7 $2 {[#]} (27... Kf7 $16 {was necessary.} 28. a5 Nd6) 28. Rfc1 (28. d6 $1 $18 {[%cal Rd6e7] and the rest is easy.} Nxd6 (28... Bxd6 29. Bd5+) 29. Bd5+ {[%mdl 64] Double Attack} Kf8 30. Bxc4 Nxc4 31. Rfc1) 28... Rb4 29. Rcb1 Rxa4 $2 (29... Rxb1+ $16 {is more resistant.} 30. Rxb1 Nd6) 30. Rxa4 Bxa4 31. Nxf5 {Accuracy: White = 60%, Black = 27%.} 1-0

[Event "XVII Juros Svente 2020-A"]
[Site "Klaipeda"]
[Date "2020.07.20"]
[Round "1.10"]
[White "Scekaciov, Rostislav"]
[Black "Paulauskas, Andrius"]
[Result "1/2-1/2"]
[WhiteElo "1458"]
[BlackElo "1904"]
[Annotator "TA"]
[PlyCount "60"]
[EventDate "2020.07.20"]
[EventType "tourn"]
[EventCountry "LTU"]
[SourceTitle "playchess.com"]
[Source "ChessBase"]
[SourceQuality "1"]

{[%evp 10,60,11,-18,0,-17,-13,-18,0,-13,1,-27,-31,-15,-26,-19,0,-18,7,0,5,5,15,17,11,4,9,8,8,-17,5,5,7,0,0,0,0,0,10,10,20,16,21,20,32,36,66,63,163,114,108,122,179]} 1. Nf3 Nf6 2. g3 d5 3. Bg2 e6 4. d4 Be7 5. O-O O-O 6. c3 b6 {D02: 1 d4 d5 2 Nf3 sidelines, including 2...Nf6 3 g3 and 2...Nf6 3 Bf4.} 7. Bf4 c5 8. Nbd2 {[%cal Bb1d2,Bd2f3,Bf3e5][%mdl 32]} Nc6 {The position is equal.} 9. Re1 Bb7 10. Ne5 {[#]} cxd4 $146 ({Predecessor:} 10... Nxe5 11. dxe5 Nd7 12. Nf3 g5 13. Bc1 g4 14. Nd2 Nxe5 15. e4 dxe4 16. Nxe4 Qxd1 17. Rxd1 {1-0 (48) Pursiainen,E-Perho,A Kuopio 2004}) 11. Nxc6 Bxc6 12. cxd4 Qd7 13. Nf3 Bb4 14. Ne5 Qb7 15. Bd2 Bd6 16. Nxc6 Qxc6 17. Qb3 Rfc8 18. Rac1 Qd7 19. Bb4 a5 20. Bxd6 Qxd6 21. a3 h5 22. Rc3 Rxc3 23. Qxc3 Ne4 24. Bxe4 dxe4 $11 {[%mdl 4096] Endgame KQR-KQR} 25. Rc1 Rd8 26. e3 h4 27. Qc6 hxg3 28. hxg3 f5 (28... Qxc6 $14 29. Rxc6 Rb8) 29. Qb7 {aiming for Rc7.} Qb8 30. Qa6 Qd6 {Accuracy: White = 83%, Black = 80%.} (30... Kf7 $16 31. b4 axb4) 1/2-1/2

[Event "XVII Juros Svente 2020-A"]
[Site "Klaipeda"]
[Date "2020.07.20"]
[Round "1.11"]
[White "Greicius, Pijus"]
[Black "Aleidzans, Vadims"]
[Result "1-0"]
[WhiteElo "1893"]
[BlackElo "1346"]
[Annotator "NA RC"]
[PlyCount "101"]
[EventDate "2020.07.20"]
[EventType "tourn"]
[EventCountry "LTU"]
[SourceTitle "playchess.com"]
[Source "ChessBase"]
[SourceQuality "1"]
[TimeControl "40/5400+30:1800+30"]

{[%evp 8,94,0,6,3,32767,32767,8,35,5,30,0,87,11,92,58,64,57,49,39,53,41,57,37,57,70,80,56,71,37,51,49,63,31,44,5,99,120,364,389,420,238,282,346,288,248,237,269,510,537,538,524,850,890,875,853,925,32767,32767,32767,32767,341,32767,345,564,53,74,0,0,0,697,799,711,773,866,867,883,775,942,553,523,32767,538,522,534,338,322,345,432]} 1. Nf3 {[%emt 0:00:00]} Nf6 {[%emt 0:00:00]} 2. b3 {[%emt 0:00:00]} b6 {[%emt 0:00:09]} 3. Bb2 {[%emt 0:00:00]} Bb7 4. e3 {[%emt 0:00:21]} e6 {[%emt 0:01:05]} 5. c4 {[%emt 0:00:21]} c5 {[%emt 0:00:30]} 6. d4 {[%emt 0:00:40] A30: Symmetrical English: Double Fianchetto and Hedgehog.} d5 {[%emt 0:00:55]} 7. Bd3 {[%emt 0:01:42]} Nc6 {[%emt 0:00:47]} 8. O-O {[%emt 0:00:31] [#]} Rc8 $146 {[%emt 0:00:08]} ({Predecessor:} 8... cxd4 9. exd4 Bd6 10. Nc3 dxc4 11. bxc4 O-O 12. Re1 Ne7 13. Ne5 Rc8 14. Re3 Ng6 {0-1 (29) Kosic,D (2517)-Cori,J (2609) Baku 2016}) 9. a3 {[%emt 0:00:45]} a6 {[%emt 0:00:21]} (9... cxd4 $11 10. exd4 Bd6) 10. Nbd2 {[%emt 0:00:18]} Bd6 {[%emt 0:01:04]} (10... cxd4 $11 {keeps the balance.} 11. exd4 (11. Nxd4 dxc4 12. bxc4 Ne5 $11) 11... Bd6) 11. dxc5 {[%emt 0:00:52]} Bxc5 {[%emt 0:00:10]} 12. Qe2 {[%emt 0:00:20]} dxc4 {[%emt 0:01:27]} 13. Nxc4 {[%emt 0:00:14]} b5 {[%emt 0:01:52]} 14. Ncd2 {[%emt 0:02:18]} O-O {[%emt 0:00:56]} 15. b4 {[%emt 0:00:18]} Be7 {[%emt 0:01:20]} 16. Rfd1 {[%emt 0:00:29]} Nd5 {[%emt 0:00:17]} 17. Nb3 {[%emt 0:00:24]} Qb6 {[%emt 0:00:44]} 18. Rac1 {[%emt 0:01:49]} Bf6 {[%emt 0:01:05]} 19. Nc5 {[%emt 0:02:33]} Rfd8 {[%emt 0:01:51]} 20. Bxf6 {[%emt 0:02:12]} Nxf6 {[%emt 0:00:16]} 21. e4 {[%emt 0:00:51]} h6 {[%emt 0:00:51] [#]} (21... Nd7 $11 {remains equal.}) 22. e5 $1 {[%emt 0:01:58]} Nd5 $2 {[%emt 0:00:19]} (22... Nh7 $16) 23. Qe4 {[%emt 0:00:08]} g6 {[%emt 0:00:48]} 24. Nxe6 {[%emt 0:01:54]} Re8 {[%emt 0:10:35] [#]} 25. Nc5 $1 {[%emt 0:00:55]} ({Weaker is} 25. Qxd5 Rxe6 26. Be4 Rce8 $16) 25... Nce7 {[%emt 0:05:55]} 26. Qg4 {[%emt 0:04:44]} Rcd8 {[%emt 0:00:37]} 27. e6 {[%emt 0:00:19]} f5 $2 {[%emt 0:00:47]} (27... Bc8 {might work better.} 28. Re1 Qd6) 28. Qh4 {[%emt 0:02:32]} Kg7 {[%emt 0:00:40]} 29. Ne5 {[%emt 0:00:11]} g5 {[%emt 0:01:42]} (29... Bc8 $142 30. Nf7 Bxe6) 30. Qh5 {[%emt 0:00:34]} Rf8 {[%emt 0:00:33] [#]} 31. Nf7 $1 {[%emt 0:00:24] Double Attack} Ng8 {[%emt 0:02:16]} 32. Bxf5 {[%emt 0:05:42]} Nf4 {[%emt 0:01:18]} 33. Qg4 {[%emt 0:00:07]} Nf6 {[%emt 0:00:25]} 34. Nxd8 {[%emt 0:05:15]} Nxg4 {[%emt 0:05:11]} 35. Rd7+ {[%emt 0:09:42] Double Attack} ({And not} 35. Bxg4 Rxd8 36. Nd7 (36. Rxd8 Qxd8 37. Rd1 Bd5 $15) 36... Qa7 $14 {[%mdl 64] Decoy}) 35... Kf6 {[%emt 0:00:40]} (35... Kg8 {might work better.} 36. Rxb7 (36. e7 Re8 $14) 36... Ne2+ 37. Kf1 Qd6) 36. Ndxb7 $2 {[%emt 0:00:37]} (36. Bxg4 $18 Rxd8 37. e7) 36... Kxf5 {[%emt 0:00:56]} 37. Re1 {[%emt 0:03:58]} ({White should try} 37. e7 $16 Re8 38. Nd6+ Qxd6 39. Rxd6 Ne2+ 40. Kf1 Rxe7 41. Ra1 Nxh2+ 42. Ke1 Nf4+ 43. Kd1) 37... Qc6 {[%emt 0:01:14]} 38. f3 {[%emt 0:00:29]} Ne5 $2 {[%emt 0:00:30]} (38... Nf6 $11) 39. Nd6+ {[%emt 0:02:07]} Kg6 {[%emt 0:00:38]} 40. Rxe5 {[%emt 0:00:55]} Nh3+ {[%emt 0:01:52]} 41. gxh3 {[%emt 0:31:52]} Qxf3 {[%emt 0:30:08]} 42. Nf7 {[%emt 0:00:07]} Qxh3 {[%emt 0:01:59]} 43. Rd3 {[%emt 0:01:17]} Qg4+ {[%emt 0:00:21]} 44. Kh1 {[%emt 0:00:01]} Qf4 {[%emt 0:01:05]} 45. Re1 {[%emt 0:00:33]} Qf2 {[%emt 0:01:03]} 46. Rg1 {[%emt 0:00:39]} Qe2 {[%emt 0:01:00]} 47. Rdg3 {[%emt 0:04:30]} ({But not} 47. Rh3 Kg7 $18) 47... Rc8 $18 {[%emt 0:00:16]} 48. h4 {[%emt 0:12:08]} Rxc5 {[%emt 0:00:55]} 49. bxc5 {[%emt 0:01:43]} Qxe6 {[%emt 0:00:16]} 50. Nxg5 {[%emt 0:00:26]} Qc6+ {[%emt 0:00:39]} 51. Kh2 {[%emt 0:01:31]} 1-0

[Event "XVII Juros Svente 2020-A"]
[Site "Klaipeda"]
[Date "2020.07.20"]
[Round "1.12"]
[White "Tolmacevs, Romans"]
[Black "Golsta, Madara"]
[Result "0-1"]
[WhiteElo "1173"]
[BlackElo "1903"]
[Annotator "TA"]
[PlyCount "100"]
[EventDate "2020.07.20"]
[EventType "tourn"]
[EventCountry "LTU"]
[SourceTitle "playchess.com"]
[Source "ChessBase"]
[SourceQuality "1"]

{[%evp 13,100,-9,0,-57,-46,-40,-45,-46,0,-15,13,22,10,-43,-35,-22,-42,-17,-25,-40,-20,-52,-47,-57,-22,-11,0,0,145,82,75,61,57,57,63,55,66,56,44,44,48,49,49,47,52,53,50,0,18,15,26,14,33,0,2,-37,0,-12,-6,-9,-6,-339,-332,-504,-505,-656,-608,-1334,-1107,-1662,-1632,-1578,-1544,-2282,-1475,-4618,-4618,-4618,-4614,-29977,-29977,-29974,-29975,-29979,-29972,-29973,-29971,-29992,-29993]} 1. d4 Nf6 2. c4 g6 3. Nf3 Bg7 4. Nc3 d5 5. Bf4 O-O 6. e3 c5 7. Be2 Nc6 {[#]} 8. Rb1 $146 {D93: Grünfeld: 4 Nf3 Bg7 5 Bf4 0-0 6 e3.} (8. dxc5 $11 Qa5 9. Qa4 Qxa4 10. Nxa4) ({Predecessor:} 8. O-O cxd4 9. Nxd4 Nxd4 10. Qxd4 Ne4 11. Qxd5 Bxc3 12. Qxe4 Bxb2 13. Rad1 Qe8 14. Rd2 Bg7 15. Rfd1 e5 16. Bg3 f5 17. Qd5+ {0-1 (55) Ovezdurdiyeva,J (2061)-Mikhaylova,I (2288) Moscow 2019}) 8... dxc4 9. Bxc4 Bf5 10. Rc1 {Black is slightly better.} Nh5 {[%cal Rc5d4]} 11. Be5 $1 Nxe5 (11... cxd4 {is interesting.} 12. Bxd4 Nxd4 13. Nxd4 Rc8 14. Nxf5 Qxd1+ 15. Kxd1 gxf5 16. Bd3 e6) 12. dxe5 {With the idea h3.} Bg4 13. e6 ({Better is} 13. O-O $11) 13... Bxc3+ $15 14. bxc3 Bxe6 15. Bxe6 fxe6 16. Qb3 Qd5 17. Rd1 Qxb3 18. axb3 Rad8 19. Ke2 h6 20. Ne5 Rd5 (20... Nf6 $11) 21. Rxd5 ({White should try} 21. Nxg6 Re8 22. c4) 21... exd5 $16 {[%mdl 4096] Endgame KRN-KRN} 22. Rd1 e6 23. Nxg6 Rf7 24. Ne5 Rg7 25. g3 Nf6 26. c4 Kf8 27. cxd5 exd5 28. Nd3 b6 29. Nf4 {[#] And now Ne6+ would win.} Rd7 30. Ng6+ Ke8 (30... Kg7 $5 {[%cal Rg7g6]} 31. Nf4 a5 $11) 31. f3 a5 32. g4 b5 33. Ra1 Ra7 $1 34. Ne5 Ra6 (34... Nd7 $5 {[%cal Rd7e5]} 35. Nxd7 Kxd7 $15) 35. Nd3 c4 $1 {[%cal Rc4d3]} 36. bxc4 dxc4 {[#]} 37. Nb2 $2 {[%mdl 8192] Loses the game.} (37. Nb4 $1 $11 {[%mdl 512] and White is okay.} Ra8 (37... axb4 38. Rxa6) 38. e4) 37... a4 $19 {[%cal Ba5a4,Ba4a3,Ba3b2][%mdl 32]} 38. Ra3 (38. e4 $142 a3 39. Nd1) 38... Nd5 39. e4 Nb6 40. h4 b4 41. Ra1 a3 42. Nd1 b3 43. Kd2 b2 44. Nxb2 axb2 {KRN-KR} 45. Rb1 Na4 46. g5 c3+ {Black mates.} 47. Kc2 Rd6 48. gxh6 Rxh6 49. Rd1 Rxh4 50. Rd4 Rh2+ {Accuracy: White = 48%, Black = 85%.} 0-1

[Event "XVII Juros Svente 2020-A"]
[Site "Klaipeda"]
[Date "2020.07.21"]
[Round "2.1"]
[White "Laurusas, Tomas"]
[Black "Boyajyan, David"]
[Result "1-0"]
[WhiteElo "2511"]
[BlackElo "1949"]
[Annotator "TA"]
[PlyCount "43"]
[EventDate "2020.07.20"]
[EventType "tourn"]
[EventCountry "LTU"]
[SourceTitle "playchess.com"]
[Source "ChessBase"]
[SourceQuality "1"]

{[%evp 10,43,17,-4,23,19,72,60,100,73,87,107,123,102,110,124,87,48,41,14,60,53,179,179,183,168,254,241,334,243,297,304,500,524,513,517]} 1. c4 e5 2. g3 d6 3. Bg2 f5 4. Nc3 Nf6 5. d4 Be7 6. Nf3 Nbd7 {A21: English Opening: 1...e5 2 Nc3.} (6... e4 $5 {[%cal Re4f3]}) 7. O-O O-O (7... c6 $11 {keeps the balance.}) 8. Ng5 $16 Nb6 {White is slightly better.} 9. Qb3 {[#] Threatens to win with c5+.} c5 10. dxc5 dxc5 11. Rd1 $36 {[%mdl 2048] [#] Keeping Black busy.} Qc7 $146 ({Predecessor:} 11... Qe8 12. Nb5 Qh5 13. Nxa7 Ng4 14. Nxc8 Raxc8 15. h3 Nxf2 16. Kxf2 Bxg5 17. Qxb6 f4 18. Qe6+ Kh8 19. Bf3 fxg3+ 20. Kg2 Qh4 21. Qg4 e4 22. Bxg5 {1-0 (22) Ly,M (2402)-Guo,E (2019) Canberra 2012}) 12. Nb5 Qb8 13. Bd2 h6 14. Nf3 Bd7 15. Bc3 Bxb5 {This costs Black the game.} (15... e4 $14) 16. Qxb5 $18 e4 {[#]} 17. Nh4 $1 Qe8 (17... Qc8 $142 18. a4 Qe6) 18. Nxf5 Qf7 19. f3 Rae8 20. fxe4 Qxc4 $2 (20... Kh7 {was necessary.} 21. Rf1 Qe6) 21. Qxc4+ Nxc4 22. e5 {[%mdl 64] Discovered Attack. Accuracy: White = 72%, Black = 22%.} 1-0

[Event "XVII Juros Svente 2020-A"]
[Site "Klaipeda"]
[Date "2020.07.21"]
[Round "2.2"]
[White "Jablokov, Dmitrij"]
[Black "Juksta, Karolis"]
[Result "1-0"]
[WhiteElo "1962"]
[BlackElo "2366"]
[Annotator "TA"]
[PlyCount "99"]
[EventDate "2020.07.20"]
[EventType "tourn"]
[EventCountry "LTU"]
[SourceTitle "playchess.com"]
[Source "ChessBase"]
[SourceQuality "1"]

{[%evp 9,99,0,25,7,31,12,42,40,27,-1,68,71,62,70,158,167,160,150,160,158,161,156,200,200,200,200,200,200,187,198,197,196,190,166,243,240,279,287,270,274,280,276,284,300,305,292,311,288,311,311,311,311,327,329,324,289,279,0,315,305,323,315,304,307,341,310,345,285,418,425,408,400,689,708,870,637,893,900,837,812,1281,1393,5118,6112,6829,3474,1383,0,3440,6112,29977,29977]} 1. Nf3 d5 2. c4 d4 3. b4 f6 4. e3 e5 5. c5 d3 6. Qb3 {A09: Réti Opening: 1 Nf3 d5 2 c4.} e4 $1 {[%cal Re4f3]} 7. Nd4 a5 8. Nc3 {White is slightly better.} f5 9. Ne6 Bxe6 (9... a4 $11 10. Qc4 (10. Nxa4 Qd7 $17 {[%mdl 64] Double Attack}) 10... Qe7) 10. Qxe6+ $14 {[%mdl 64] [#] Double Attack} Ne7 11. b5 $36 {[%mdl 2048] [#] Black is under pressure.} Qc8 $146 ({Black should play} 11... h5 $14) ({Predecessor:} 11... g6 12. f3 exf3 13. gxf3 Bg7 14. Bb2 Nd7 15. Na4 Nxc5 16. Nxc5 Bxb2 17. Rb1 b6 18. Nxd3 {1-0 (37) Grimm,S (2340)-Raetsky,A (2415) NRW 2001}) 12. Qxc8+ $16 Nxc8 {[#]} 13. g4 $1 {[%mdl 512]} Bxc5 (13... fxg4 14. Nxe4) 14. gxf5 Nd6 15. Bg2 Bb6 16. Nxe4 Nxf5 17. Ba3 Nd7 18. Ng3 Nxg3 19. hxg3 O-O-O 20. Rc1 h6 21. Rc3 Ne5 (21... Nf6 {was called for.} 22. Be7 Nd5) 22. f4 Ng4 23. Be4 {Bf5+ is the strong threat.} Nf6 24. Bf5+ ({Don't take} 24. Bxd3 $6 Kb8 $16) 24... Kb8 25. Rxd3 ({Weaker is} 25. Bxd3 Nd5 $11) 25... Rxd3 26. Bxd3 Rd8 27. Ke2 Nd5 {and the idea ...Bxe3 leaves Black hopeful.} 28. Bc4 c6 29. bxc6 bxc6 30. Bb2 Rd7 31. Bxd5 cxd5 $18 {[%mdl 4096] Endgame KRB-KRB} 32. Rh4 Bd8 33. Rh1 $2 (33. Be5+ $18 Kb7 34. Rh1) 33... Kb7 $2 {[%mdl 8192]} (33... Bb6 $1 $11 {and Black stays safe.}) 34. Bd4 Bc7 35. Rb1+ Kc6 36. a4 g6 37. Rb5 Rd8 38. Rc5+ Kb7 (38... Kd6 {keeps fighting.} 39. Rb5 Kc6) 39. Bc3 {aiming for Rxc7+!} Bb6 40. Bxa5 Bxc5 (40... Bxa5 $142 41. Rxa5 Kb6) 41. Bxd8 {KB-KB} h5 42. Kf3 Bb4 43. d3 Kc6 44. a5 Kb5 45. g4 hxg4+ 46. Kxg4 Bc5 47. Kf3 Bf8 48. Kg4 (48. e4 $142 Bd6 49. exd5) 48... Bc5 $1 49. e4 dxe4 50. dxe4 {Accuracy: White = 82%, Black = 40%.} 1-0

[Event "XVII Juros Svente 2020-A"]
[Site "Klaipeda"]
[Date "2020.07.21"]
[Round "2.3"]
[White "Kaunas, Kestutis"]
[Black "Greicius, Pijus"]
[Result "1/2-1/2"]
[WhiteElo "2178"]
[BlackElo "1893"]
[Annotator "TA"]
[PlyCount "60"]
[EventDate "2020.07.20"]
[EventType "tourn"]
[EventCountry "LTU"]
[SourceTitle "playchess.com"]
[Source "ChessBase"]
[SourceQuality "1"]

{[%evp 15,60,10,14,-25,-8,-7,-6,-8,-4,-6,-9,-6,43,22,22,27,51,59,50,15,16,10,6,-22,-22,-22,-18,-120,-118,-136,-40,-33,-33,-30,0,0,0,0,10,24,10,0,0,0,0,0,0]} 1. d4 Nf6 2. c4 e6 3. Nf3 d5 4. Nc3 dxc4 5. e3 a6 6. Bxc4 b5 7. Bb3 Bb7 8. O-O c5 9. dxc5 {9.e4 is the modern continuation. D27: Queen's Gambit Accepted: Classical main line: 7 e4!? and 7 a4.} Qxd1 (9... Nbd7 {with more complications.} 10. Qe2 Nxc5 11. Bc2 Be7 12. a3 Nce4) 10. Rxd1 Bxc5 11. Bd2 Nbd7 12. Rac1 Rc8 13. Ne2 Ne4 14. Be1 Ke7 {[#]} 15. a4 $146 ({Predecessor:} 15. Ba5 Bd6 16. h3 Rxc1 17. Rxc1 Ndc5 18. Bc2 Rc8 19. Bb1 Nf6 20. Nfd4 g6 21. Nf3 {0-1 (45) Joksic,S (2288)-Arkhipov,S (2535) Biel 1999}) 15... Nb6 16. axb5 axb5 17. Ned4 Nd6 18. Ne5 {White wants to play Nxf7!} Bxd4 19. Rxc8 Rxc8 20. Rxd4 f6 21. Nd3 (21. Nf3 $1 $11) 21... e5 $17 22. Rg4 g6 (22... g5 $17 {Hoping for ...e4.} 23. Bd2 e4) 23. f3 $15 Bd5 24. Rb4 Bxb3 25. Rxb3 Nbc4 26. e4 f5 27. exf5 gxf5 28. Kf2 {The position is equal.} Ke6 29. Bb4 Kd5 30. Bc3 Ke6 {Accuracy: White = 73%, Black = 79%.} 1/2-1/2

[Event "XVII Juros Svente 2020-A"]
[Site "Klaipeda"]
[Date "2020.07.21"]
[Round "2.4"]
[White "Golsta, Madara"]
[Black "Stremavicius, Pijus"]
[Result "0-1"]
[WhiteElo "1903"]
[BlackElo "2163"]
[Annotator "TA"]
[PlyCount "72"]
[EventDate "2020.07.20"]
[EventType "tourn"]
[EventCountry "LTU"]
[SourceTitle "playchess.com"]
[Source "ChessBase"]
[SourceQuality "1"]

{[%evp 9,72,0,0,0,7,0,0,0,0,6,8,-15,10,10,18,24,33,41,42,33,66,58,67,60,36,39,37,45,110,93,89,95,131,127,140,139,125,64,68,67,68,68,66,12,32,23,29,-60,-66,-66,-64,-82,-78,-84,-77,-156,-106,-191,-109,-840,-695,-5891,-640,-29993,-29994]} 1. c4 Nf6 2. g3 c6 3. Bg2 d5 4. d4 dxc4 5. Nf3 b5 6. Ne5 {D11: Slav Defence: 3 Nf3 sidelines and 3...Nf6 4 e3 Bg4.} Bb7 7. O-O e6 8. a4 {The position is equal.} a6 9. b3 cxb3 10. Bb2 {10.Qxb3 is the modern continuation.} Nd5 11. Qxb3 Be7 12. Nd2 O-O 13. Rfc1 {[%mdl 1024] White has compensation.} Qb6 {[#]} 14. a5 $146 ({Predecessor:} 14. e4 Nf6 15. Ndc4 Qc7 16. Ne3 Qb6 17. N3c4 Qc7 {½-½ (17) Yao,S (2305)-Favaloro,A (2351) Spoleto 2019}) 14... Qa7 15. Ne4 Rd8 16. Qf3 f6 17. Nd3 $36 {[%mdl 2048] White fights for an advantage.} Nd7 18. Bh3 Nf8 (18... f5 $14) 19. Nec5 $16 Bxc5 20. Nxc5 Bc8 21. e4 Ne7 22. Qb3 Kh8 23. Bxe6 ({White should try} 23. Bg2 $16) 23... Nxe6 $14 24. Nxe6 Bxe6 25. Qxe6 Qd7 26. Qf7 ({White should play} 26. Qxd7 $14 Rxd7 27. Ba3) 26... Rf8 $11 27. Qh5 f5 28. Ba3 (28. e5 $11) 28... fxe4 $15 29. Bxe7 Qxe7 30. Rxc6 e3 31. f4 Qe4 32. Rd6 (32. Rc7 $142) 32... Rfe8 {And now ...Qc2 would win.} 33. Re1 {[#]} (33. Rd7 $17 {is a better defense.}) 33... Rac8 (33... b4 $1 $19 {Threatens to win with ...Rac8.} 34. Qd1 Rac8) 34. Qh3 $2 {[%mdl 8192]} (34. Rd7 $17) 34... Rc2 $19 {Hoping for ...Qf3!} 35. d5 {[#]} Qf3 (35... Qb4 $142 $1 {[%mdl 512]} 36. Qf1 Qxd6) 36. Qf1 Qf2+ {Accuracy: White = 57%, Black = 65%.} 0-1

[Event "XVII Juros Svente 2020-A"]
[Site "Klaipeda"]
[Date "2020.07.21"]
[Round "2.5"]
[White "Vardanyan, Aras"]
[Black "Zirnovas, Martynas"]
[Result "0-1"]
[WhiteElo "2178"]
[BlackElo "1801"]
[Annotator "TA"]
[PlyCount "44"]
[EventDate "2020.07.20"]
[EventType "tourn"]
[EventCountry "LTU"]
[SourceTitle "playchess.com"]
[Source "ChessBase"]
[SourceQuality "1"]

{[%evp 19,44,39,33,21,47,-36,-30,-42,-33,-43,-31,-37,0,-58,-47,-327,-329,-786,-781,-877,-844,-745,-656,-1731,-1706,-29997,-29998]} 1. Nf3 Nf6 2. c4 g6 3. Nc3 Bg7 4. e4 d6 5. d4 O-O 6. Be2 e5 7. O-O Nc6 8. d5 Ne7 9. b4 Nh5 10. Re1 f5 11. c5 {E97: King's Indian: Classical Main Line (6...e5 7 0-0 Nc6): 8 Be3 and 8 d5 Ne7, not 9 Ne1.} Nf6 12. Ba3 (12. Bc4 $14) 12... Nxe4 $15 13. Nxe4 {Black has an edge.} fxe4 {[#]} 14. Nd2 $146 {[#]} ({Predecessor:} 14. Ng5 e3 15. fxe3 Nf5 16. Ne6 Bxe6 17. dxe6 d5 18. e4 Ne3 19. Qb3 Qg5 20. g3 {1-0 (27) Altmann,D-Lurje,P (2172) Basel 2001}) 14... e3 $1 {[%mdl 512]} 15. fxe3 e4 {aiming for ...Nf5.} ({Much weaker is} 15... Nxd5 $6 16. Bc4 $14) (15... Nf5 $5 {[%cal Rf5e3]} 16. Bd3 Bh6 17. Bxf5 Bxf5 $15) 16. Rc1 ({White should play} 16. Qb3 $11) 16... Nf5 $1 $36 {[%cal Rf5e3][%mdl 2048] White is under pressure.} ({But not} 16... Nxd5 $6 17. Bc4 $14) 17. Bf1 $2 {[%mdl 8192] This move loses the game for White.} ({White should try} 17. Nxe4 $15 Qh4 18. Bf3) 17... Qh4 $19 {...Be5 is the strong threat.} 18. Qe2 $2 (18. Nc4 b5 19. cxb6 axb6 20. Bb2 Bxb2 21. Nxb2 Nxe3 22. Qd2 Rxf1+ 23. Rxf1 Nxf1 24. Rxf1) 18... Be5 19. g3 {[#]} Nxg3 $1 {[%mdl 512]} 20. Qg2 {[#]} (20. hxg3 Bxg3) 20... Bh3 $1 {[%mdl 512]} 21. hxg3 (21. Qxh3 Rxf1+) 21... Bxg3 22. Qxe4 Bf2+ {Accuracy: White = 21%, Black = 87%.} 0-1